000 00351nam a2200133Ia 4500
008 240624s9999 xx 000 0 und d
041 _aeng
082 _a658.408 MAN
100 _aMANOS RONNY
245 _aCORPORATE RESPONSIBILITY SOCIAL ACTION I
260 _c2016
_aNew York
_bPalgrave Macmillan
300 _axiii, 264 p.; 22 cm.
365 _c
_b38
999 _c29243
_d29243